Kŭrim ŭro ponŭn Han-Yŏng sajŏn = Korean-English dictionary /

그림으로보는한영사전 = Korean-English dictionary.
Dades bibliogràfiques
Autor corporatiu: Chʻodŭng Yŏngŏ Yŏnʼguhoe
Format: Llibre
Idioma:Multiple
Korean
English
Publicat: Sŏul Tʻŭkpyŏlsi : Yerimdang, 1997
Matèries:
Classic Catalogue: View this record in Classic Catalogue
LEADER 01202nam a2200265 a 4500
001 0025813
003 BD-DhAAL
008 120826s1997 ko ab 000 0 mul d
020 |a 9788930235549 
040 |a BD-DhAAL  |c BD-DhAAL 
041 |a kor  |a eng 
082 0 4 |a 495.7321  |2 22 
245 1 0 |6 880-01  |a Kŭrim ŭro ponŭn Han-Yŏng sajŏn =   |b Korean-English dictionary /  |c Chʻodŭng Yŏngŏ Yŏnʼguhoe yŏkkŭm. 
246 3 1 |a Korean-English dictionary 
260 |a Sŏul Tʻŭkpyŏlsi :  |b Yerimdang,   |c 1997 
300 |a 503 p. :  |b col. ill. ;  |c 23 cm. 
541 |a 00025813 
650 0 |a Picture dictionaries, Korean  |x Juvenile literature.  |9 59488 
650 0 |a Korean language  |v Dictionaries  |x English  |x Juvenile literature.  |9 59489 
710 2 |a Chʻodŭng Yŏngŏ Yŏnʼguhoe.  |9 59490 
852 1 |a Ayesha Abed Library  |c General Stacks 
880 |6 245-01 /  |a 그림으로보는한영사전 =  |b Korean-English dictionary. 
942 |2 ddc  |c BK 
999 |c 12768  |d 12768 
952 |0 0  |1 0  |2 ddc  |4 0  |6 495_732100000000000_KUR  |7 0  |9 21027  |a BRACUL  |b BRACUL  |c GEN  |d 2012-08-28  |e BIL  |g 1074.35  |l 2  |m 3  |o 495.7321 KUR  |p 3010025813  |r 2026-05-19  |s 2026-04-16  |t 1  |w 2012-08-28  |y BK  |x Transferred from King Sejong Institute (BIL) to BRACUL on 11/10/23